000
00293nam a22001337a 4500
003
SGT
020
_a
9789390113231
082
_a
747
_b
ULR
100
_a
ULRICH KARL T.
245
_a
PRUDUCT DESIGN AND DEVELOPMENT
260
_a
INDIA
_b
MC GRAWHILL
_c
2025
300
_a
444
942
_2
ddc
_c
BK
999
_c
34509
_d
34509